Who was US President when they died? - Statistics

General Stats
  • This quiz has been taken 20 times
  • The average score is 18 of 45
Answer Stats
Hint Answer % Correct
Abraham Lincoln Abraham Lincoln
63%
James Madison Andrew Jackson
63%
George H.W. Bush Donald Trump
63%
Franklin D. Roosevelt Franklin D. Roosevelt
63%
George Washington John Adams
63%
John Adams John Quincy Adams
63%
William Henry Harrison William Henry Harrison
63%
James Monroe Andrew Jackson
58%
John F. Kennedy John F. Kennedy
58%
Bill Clinton Living
58%
George W. Bush Living
58%
Barack Obama Living
58%
Donald Trump Living
58%
Joe Biden Living
58%
Warren G. Harding Warren G. Harding
58%
Richard Nixon Bill Clinton
53%
Thomas Jefferson John Quincy Adams
53%
Jimmy Carter Living
53%
William McKinley William McKinley
53%
James A. Garfield James A. Garfield
47%
Zachary Taylor Zachary Taylor
47%
Dwight D. Eisenhower Richard Nixon
42%
Lyndon B. Johnson Richard Nixon
42%
Theodore Roosevelt Woodrow Wilson
42%
Ronald Reagan George W. Bush
37%
John Quincy Adams James K. Polk
37%
Harry S. Truman Richard Nixon
37%
James K. Polk Zachary Taylor
37%
Martin Van Buren Abraham Lincoln
32%
Andrew Jackson James K. Polk
32%
Millard Fillmore Ulysses S. Grant
32%
Gerald Ford George W. Bush
26%
Chester A. Arthur Grover Cleveland
26%
Grover Cleveland Theodore Roosevelt
26%
Franklin Pierce Ulysses S. Grant
26%
John Tyler Abraham Lincoln
21%
James Buchanan Andrew Johnson
21%
William Howard Taft Herbert Hoover
21%
Andrew Johnson Ulysses S. Grant
21%
Woodrow Wilson Calvin Coolidge
16%
Ulysses S. Grant Grover Cleveland
16%
Herbert Hoover Lyndon B. Johnson
16%
Rutherford B. Hayes Benjamin Harrison
11%
Calvin Coolidge Herbert Hoover
11%
Benjamin Harrison William McKinley
11%
No matching quizzes found
Score Distribution
Percent of People with Each Score
Percentile by Number Answered
Your Score History
You have not taken this quiz